LEADER 01457nam 2200349 450 001 9910688309503321 005 20230625114747.0 035 $a(CKB)5400000000042527 035 $a(NjHacI)995400000000042527 035 $a(EXLCZ)995400000000042527 100 $a20230625d2021 uy 0 101 0 $aeng 135 $aur||||||||||| 181 $ctxt$2rdacontent 182 $cc$2rdamedia 183 $acr$2rdacarrier 200 00$aRobotics Software Design and Engineering /$fAlejandro Rafael Garcia Ramirez, Augusto Loureiro da Costa, editor 210 1$aLondon :$cIntechOpen,$d2021. 215 $a1 online resource (186 pages) 311 $a1-83969-293-6 330 $aRobotics Software Design and Engineering is an edited volume on robotics. Chapters cover such topics as cognitive robotics systems, artificial intelligence, force feedback, autonomous driving embedded systems, multi-robot systems, a robot software framework for Real-time Control systems, and Industry 4.0. Also discussed are humanoid robots, aerial and work vehicles, and robot manipulators. 606 $aComputer software$xDevelopment 615 0$aComputer software$xDevelopment. 676 $a005.1 702 $aCosta$b Augusto Loureiro da 702 $aRamirez$b Alejandro Rafael Garcia 801 0$bNjHacI 801 1$bNjHacl 906 $aBOOK 912 $a9910688309503321 996 $aRobotics Software Design and Engineering$92822936 997 $aUNINA